000 01003nam a22002651u 4500
001 12138
003 HDC
007 cr bn ---
008 210209p2006 my eng
040 _aHDC
100 _aM.S. Umi Kalsom,
_eauthor
_912536
245 0 _aCharacterization of humic acid from humification of oil palm empty fruit bunch fibre using Trichoderma viride /
_cby M.S. Umi Kalsom, H. Nur, A.A. Norlea and S. Ngaspan
260 _aSerdang :
_bMalaysian Agricultural Research and Development Institute (MARDI),
_c2006
300 _a1 page
336 _atext
_2rdacontent
337 _acomputer
_2rdamedia
338 _aonline resource
_2rdacarrier
650 _aHumic acid
_912537
650 _aOil palm
_9214
650 _aTrichoderma viride
_912538
856 _zRequest full-text at [email protected]
942 _2lcc
942 _cAR
942 _kJART 003005
999 _c9461
_d9461